[Event "Havana UCI op 9th"]
[Site "Havana"]
[Date "2010.11.12"]
[Round "4"]
[White "Torres Jimenez, Leonardo"]
[Black "Quesada Chow, Ismael Adan"]
[Result "0-1"]
[WhiteElo "2007"]
[BlackElo "2140"]
[PlyCount "84"]
[EventDate "2010.11.08"]
[EventType "swiss"]
[EventRounds "9"]
[EventCountry "CUB"]
[SourceTitle "CBM 139 Extra"]
[Source "ChessBase"]
[SourceDate "2011.01.05"]
[SourceVersion "1"]
[SourceVersionDate "2011.01.05"]
[SourceQuality "1"]

1. d4 Nf6 2. c4 g6 3. Nc3 Bg7 4. e4 d6 5. Bd3 c5 6. d5 0-0 7. Nge2 e6 8. 0-0 exd5 9. cxd5 Nbd7 10. f3 Ne8 11. g4 Nc7 12. Bf4 Ne5 13. Bc2 b5 14. Qe1 a5 15. h3 b4 16. Nd1 a4 17. Bxe5 Bxe5 18. Rb1 f5 19. f4 Bg7 20. g5 fxe4 21. Bxe4 Bxh3 22. Rf2 Qd7 23. Rh2 Rae8 24. Bd3 Rxf4 25. Nf2 Bg4 26. Nxf4 Rxe1+ 27. Rxe1 Be5 28. Rh4 Bf5 29. Bc4 Qd8 30. Ne4 Bxe4 31. Rxe4 Qxg5+ 32. Ng2 Qc1+ 33. Re1 Qxb2 34. Rhe4 Kg7 35. Ne3 Qh2+ 36. Kf1 Qh1+ 37. Ke2 Qxe4 38. Bd3 Qd4 39. Rg1 Qb2+ 40. Kf3 Bd4 41. Rg2 Qc3 42. Ke4 Bxe3 0-1

[Event "Havana UCI op 9th"]
[Site "Havana"]
[Date "2010.11.10"]
[Round "2"]
[White "Martinez Morales, Randy Danniel"]
[Black "Torres Jimenez, Leonardo"]
[Result "1-0"]
[WhiteElo "2053"]
[BlackElo "2007"]
[PlyCount "93"]
[EventDate "2010.11.08"]
[EventType "swiss"]
[EventRounds "9"]
[EventCountry "CUB"]
[SourceTitle "CBM 139 Extra"]
[Source "ChessBase"]
[SourceDate "2011.01.05"]
[SourceVersion "1"]
[SourceVersionDate "2011.01.05"]
[SourceQuality "1"]

1. e4 e5 2. Nf3 Nc6 3. Bc4 Be7 4. 0-0 Nf6 5. d4 exd4 6. e5 Ne4 7. Bd5 Nc5 8. Bxc6 bxc6 9. Nxd4 0-0 10. Nc3 Ne6 11. Nf5 d5 12. f4 Bc5+ 13. Kh1 Re8 14. Ne2 Bf8 15. Neg3 g6 16. Ne3 Ng7 17. f5 d4 18. Ng4 Nxf5 19. Nf6+ Kh8 20. Nxe8 Qxe8 21. Nxf5 Bxf5 22. Qxd4 Bg7 23. Bf4 Bxc2 24. Rac1 Bf5 25. Rfe1 Be6 26. b3 Bd5 27. Bg5 Kg8 28. Bf6 Bh6 29. Rc3 Qe6 30. Rf1 Bf8 31. Qh4 Rb8 32. Qh3 a5 33. Qxe6 fxe6 34. Rf4 Bb4 35. Rd3 c5 36. h4 h5 37. Kh2 a4 38. g4 axb3 39. axb3 Ra8 40. gxh5 Ra2+ 41. Kh3 gxh5 42. Rg3+ Kf7 43. Rg7+ Kf8 44. Rxc7 Ra1 45. Bg7+ Kg8 46. Rf8+ Kh7 47. Bh8+ 1-0

[Event "Havana Province zt"]
[Site "Havana"]
[Date "2010.02.25"]
[Round "7"]
[White "Torres Jimenez, Leonardo"]
[Black "Carrasquillo Alonzo, Pedro"]
[Result "1-0"]
[WhiteElo "2054"]
[BlackElo "1869"]
[PlyCount "54"]
[EventDate "2010.02.20"]
[EventType "swiss"]
[EventRounds "9"]
[EventCountry "CUB"]
[SourceTitle "EXT 2011"]
[Source "ChessBase"]
[SourceDate "2010.11.26"]
[SourceVersion "1"]
[SourceVersionDate "2010.11.26"]
[SourceQuality "1"]

1. d4 Nf6 2. c4 e5 3. e3 exd4 4. exd4 Bb4+ 5. Nc3 0-0 6. Bd3 d5 7. Nge2 c5 8. 0-0 Nc6 9. Bg5 dxc4 10. Bxc4 cxd4 11. Nd5 Be7 12. Nxe7+ Qxe7 13. Nxd4 Qc5 14. Bxf6 gxf6 15. Nxc6 bxc6 16. Rc1 Qg5 17. f4 Qh4 18. Qd6 Bg4 19. Rc3 Rad8 20. Qe7 Rd7 21. Qc5 Rfd8 22. Rg3 Kh8 23. Qxc6 Rd1 24. Bb3 R1d6 25. Qc3 Be2 26. Re1 Ba6 27. Qb4 Rd4 1-0

[Event "Havana Province zt"]
[Site "Havana"]
[Date "2010.02.21"]
[Round "2"]
[White "Cierna Rodriguez, Alain"]
[Black "Torres Jimenez, Leonardo"]
[Result "1-0"]
[WhiteElo "2040"]
[BlackElo "2054"]
[PlyCount "123"]
[EventDate "2010.02.20"]
[EventType "swiss"]
[EventRounds "9"]
[EventCountry "CUB"]
[SourceTitle "EXT 2011"]
[Source "ChessBase"]
[SourceDate "2010.11.26"]
[SourceVersion "1"]
[SourceVersionDate "2010.11.26"]
[SourceQuality "1"]

1. Nf3 Nf6 2. d4 d5 3. c4 e6 4. Nc3 Be7 5. Bg5 0-0 6. e3 c5 7. cxd5 cxd4 8. Nxd4 exd5 9. Bd3 Nc6 10. Nxc6 bxc6 11. 0-0 Rb8 12. Qd2 h6 13. Bf4 Bd6 14. Bg3 Qe7 15. b3 Bb7 16. Rac1 Bxg3 17. hxg3 Ng4 18. Bf5 Ne5 19. f4 Nd7 20. Bxd7 Qxd7 21. Na4 Qg4 22. Qf2 Ba6 23. Rfe1 Rfe8 24. Nc5 Bc8 25. Nd3 Qe6 26. Qf3 g6 27. Ne5 Bb7 28. Qg4 Kg7 29. Qxe6 Rxe6 30. Nd7 Rc8 31. Nc5 Re7 32. Kf2 a5 33. Red1 Ba8 34. Rd4 Rce8 35. Rc3 Ra7 36. g4 Rb8 37. a3 Rb6 38. Kf3 Bb7 39. Nd7 Rb5 40. a4 Rb4 41. Rxb4 axb4 42. Rc1 f6 43. Nc5 Bc8 44. Nd3 Rc7 45. Nxb4 Bd7 46. Na6 Ra7 47. Nc5 Be8 48. Ke2 Re7 49. Kd3 h5 50. gxh5 gxh5 51. Kd4 Kg6 52. a5 Kf5 53. a6 Ra7 54. Ra1 Kg4 55. Ra2 Bg6 56. b4 Bb1 57. Rb2 Be4 58. Nxe4 dxe4 59. Re2 Kf5 60. Kc5 Ke6 61. Kb6 Ra8 62. a7 1-0

[Event "Havana UCI op 8th"]
[Site "Havana"]
[Date "2009.11.09"]
[Round "5"]
[White "Macia Velazquez, Marlies"]
[Black "Torres Jimenez, Leonardo"]
[Result "1-0"]
[WhiteElo "2117"]
[BlackElo "2087"]
[PlyCount "81"]
[EventDate "2009.11.04"]
[EventType "swiss"]
[EventRounds "9"]
[EventCountry "CUB"]
[SourceTitle "EXT 2011"]
[Source "ChessBase"]
[SourceDate "2010.11.26"]
[SourceVersion "1"]
[SourceVersionDate "2010.11.26"]
[SourceQuality "1"]

1. e4 e5 2. Nf3 Nc6 3. Nc3 Nf6 4. g3 d6 5. Bg2 Be7 6. 0-0 0-0 7. h3 Bd7 8. d3 Qc8 9. Kh2 a6 10. Be3 b5 11. Nh4 g6 12. f4 Rb8 13. f5 Qd8 14. Bh6 Re8 15. Qf3 Nd4 16. Qf2 c6 17. Nd1 c5 18. c3 Nc6 19. Ne3 Bf8 20. Bxf8 Rxf8 21. g4 g5 22. Nf3 Ne8 23. Nd5 f6 24. h4 h6 25. Kg3 Nc7 26. Rh1 Kg7 27. Rh2 Nxd5 28. exd5 Ne7 29. Nd2 h5 30. Be4 hxg4 31. hxg5 fxg5 32. f6+ Rxf6 33. Rh7+ Kg8 34. Qh2 Kf8 35. Rh8+ Ng8 36. Qh7 Rf7 37. Rxg8+ Ke7 38. Rxd8 Rxh7 39. Rxb8 Rh3+ 40. Kg2 g3 41. Rh1 1-0

[Event "Havana UCI op 8th"]
[Site "Havana"]
[Date "2009.11.06"]
[Round "3"]
[White "Martinez Morales, Randy Danniel"]
[Black "Torres Jimenez, Leonardo"]
[Result "0-1"]
[WhiteElo "2067"]
[BlackElo "2087"]
[PlyCount "68"]
[EventDate "2009.11.04"]
[EventType "swiss"]
[EventRounds "9"]
[EventCountry "CUB"]
[SourceTitle "EXT 2011"]
[Source "ChessBase"]
[SourceDate "2010.11.26"]
[SourceVersion "1"]
[SourceVersionDate "2010.11.26"]
[SourceQuality "1"]

1. e4 e5 2. Nf3 Nc6 3. Bc4 d6 4. d4 exd4 5. Nxd4 Be7 6. Nc3 Nf6 7. Be3 a6 8. f3 Ne5 9. Be2 b5 10. f4 Neg4 11. Bxg4 Nxg4 12. Qf3 Nxe3 13. Qxe3 Bb7 14. Nd5 Bxd5 15. exd5 0-0 16. 0-0-0 Bf6 17. g4 g6 18. g5 Re8 19. Qf3 Bxd4 20. Rxd4 Qd7 21. h4 Qf5 22. h5 Re7 23. Qh3 Re1+ 24. Kd2 Qxh3 25. Rxh3 Rae8 26. h6 R8e2+ 27. Kc3 Rc1 28. Rd2 Re4 29. Rf3 Rce1 30. Rd4 R4e2 31. b3 a5 32. a4 b4+ 33. Kb2 Rg2 34. Rc4 Rgg1 0-1

[Event "Havana Province Oeste zt"]
[Site "Havana"]
[Date "2009.10.06"]
[Round "3"]
[White "Torres Jimenez, Leonardo"]
[Black "Rey Rodriguez, Yosvany"]
[Result "0-1"]
[WhiteElo "2166"]
[BlackElo "2037"]
[PlyCount "92"]
[EventDate "2009.10.03"]
[EventType "swiss"]
[EventRounds "9"]
[EventCountry "CUB"]
[SourceTitle "EXT 2012"]
[Source "ChessBase"]
[SourceDate "2011.11.24"]
[SourceVersion "1"]
[SourceVersionDate "2011.11.24"]
[SourceQuality "1"]

1. d4 Nf6 2. c4 g6 3. Nc3 d5 4. Nf3 Bg7 5. e3 0-0 6. b3 c5 7. Bd2 Bg4 8. h3 Bxf3 9. Qxf3 cxd4 10. exd4 Nc6 11. Ne2 Ne4 12. Rd1 Nxd4 13. Nxd4 Bxd4 14. Bd3 Nxf2 15. Rf1 Nxd3+ 16. Qxd3 dxc4 17. Qxc4 e5 18. g3 Qd7 19. g4 Rac8 20. Qe2 Rc2 21. Qf3 Qc6 22. Qxc6 bxc6 23. Rc1 Rxa2 24. Rxc6 Bb6 25. Rf3 e4 26. Rfc3 e3 27. Bxe3 Ba5 28. Kf1 Bxc3 29. Rxc3 Rd8 30. Ke1 Kg7 31. h4 h6 32. b4 Re8 33. Kf1 Rd8 34. Ke1 a6 35. Bb6 Rdd2 36. Rf3 Re2+ 37. Kf1 Re4 38. g5 Rxh4 39. gxh6+ Kxh6 40. Bf2 Rxf2+ 41. Kxf2 f5 42. Ra3 Rxb4 43. Rxa6 Kh5 44. Ra8 Kg4 45. Rg8 g5 46. Rg7 f4 0-1

[Event "Havana Province Oeste zt"]
[Site "Havana"]
[Date "2009.10.05"]
[Round "2"]
[White "Castro Regalado, Alberto"]
[Black "Torres Jimenez, Leonardo"]
[Result "1-0"]
[WhiteElo "2078"]
[BlackElo "2166"]
[PlyCount "105"]
[EventDate "2009.10.03"]
[EventType "swiss"]
[EventRounds "9"]
[EventCountry "CUB"]
[SourceTitle "EXT 2012"]
[Source "ChessBase"]
[SourceDate "2011.11.24"]
[SourceVersion "1"]
[SourceVersionDate "2011.11.24"]
[SourceQuality "1"]

1. e4 e5 2. Nf3 Nc6 3. Bb5 d6 4. d4 exd4 5. Nxd4 Bd7 6. 0-0 Be7 7. Nc3 Nf6 8. Be3 0-0 9. Qd2 a6 10. Nxc6 bxc6 11. Be2 Re8 12. Rad1 Be6 13. Bf3 Bg4 14. Qe2 Bxf3 15. Qxf3 Nd7 16. b3 Rb8 17. a4 Bf6 18. Ne2 Qe7 19. Ng3 g6 20. Qe2 Ra8 21. Rfe1 a5 22. Qd2 Bg7 23. f4 f6 24. Bd4 Bh6 25. Qf2 Qf7 26. Qf3 Re7 27. Qg4 Bg7 28. f5 Rae8 29. Bc3 Ne5 30. Bxe5 Rxe5 31. Kf1 d5 32. exd5 cxd5 33. Qf3 c6 34. Qc3 Qc7 35. Qd3 Rxe1+ 36. Rxe1 Qf4+ 37. Qf3 Qxf3+ 38. gxf3 Kf7 39. Rxe8 Kxe8 40. Ke2 Kd7 41. Kd3 Bf8 42. c4 Bc5 43. h4 Bf2 44. fxg6 hxg6 45. h5 Ke6 46. h6 Kf7 47. Ne2 dxc4+ 48. Kxc4 Be3 49. Nd4 Bxh6 50. Nxc6 Bd2 51. Kb5 g5 52. Nxa5 Bxa5 53. Kxa5 1-0

[Event "Havana Province-ch sf"]
[Site "Havana"]
[Date "2009.08.01"]
[Round "7"]
[White "Torres Jimenez, Leonardo"]
[Black "Machado la Rosa, Adrian"]
[Result "0-1"]
[WhiteElo "2220"]
[BlackElo "2244"]
[PlyCount "78"]
[EventDate "2009.07.23"]
[EventType "swiss"]
[EventRounds "9"]
[EventCountry "CUB"]
[EventCategory "1"]
[SourceTitle "EXT 2018"]
[Source "ChessBase"]
[SourceDate "2017.10.13"]
[SourceVersion "1"]
[SourceVersionDate "2017.10.13"]
[SourceQuality "1"]

1. d4 d5 2. c4 c6 3. e3 Nf6 4. Nc3 a6 5. a4 e6 6. Nf3 c5 7. b3 cxd4 8. exd4 Bb4 9. Bd2 Nc6 10. cxd5 Bxc3 11. Bxc3 Nxd5 12. Bd2 0-0 13. Bc4 b6 14. 0-0 Bb7 15. Rc1 Nce7 16. Bd3 Qd6 17. Ne5 Nf6 18. Bf4 Qd5 19. Nf3 Nc6 20. Bc4 Qd8 21. h3 Nd5 22. Be3 Qd6 23. Bd3 Kh8 24. Bxh7 Kxh7 25. Ng5+ Kg8 26. Qg4 Nf6 27. Ne4 Nxg4 28. Nxd6 Nxe3 29. fxe3 Nd8 30. Rc7 Bd5 31. Rb1 f5 32. Nc4 Rb8 33. Ne5 Rb7 34. Rxb7 Nxb7 35. Nd7 Rc8 36. Nxb6 Rc6 37. Nxd5 exd5 38. Kf2 Nd6 39. Kf3 g5 0-1

[Event "Havana Province-ch sf"]
[Site "Havana"]
[Date "2009.07.28"]
[Round "3"]
[White "Cierna Rodriguez, Alain"]
[Black "Torres Jimenez, Leonardo"]
[Result "0-1"]
[WhiteElo "2154"]
[BlackElo "2220"]
[PlyCount "56"]
[EventDate "2009.07.23"]
[EventType "swiss"]
[EventRounds "9"]
[EventCountry "CUB"]
[EventCategory "1"]
[SourceTitle "EXT 2018"]
[Source "ChessBase"]
[SourceDate "2017.10.13"]
[SourceVersion "1"]
[SourceVersionDate "2017.10.13"]
[SourceQuality "1"]

1. d4 Nf6 2. c4 d5 3. Nc3 e6 4. Bg5 Be7 5. Nf3 c5 6. e3 Nc6 7. cxd5 Nxd5 8. Bxe7 Qxe7 9. Bb5 a6 10. Bxc6+ bxc6 11. 0-0 0-0 12. Rc1 cxd4 13. Qxd4 Bb7 14. Ne4 Rfd8 15. Qc5 Qc7 16. b4 a5 17. b5 Nb4 18. Qg5 h6 19. Qh4 Nxa2 20. Rc4 f5 21. bxc6 Ba6 22. Nc5 Qxc6 23. Nxa6 Qxa6 24. Ne5 Rac8 25. Rc6 Qb5 26. Rxe6 Nc3 27. h3 Qxf1+ 28. Kh2 Ne2 0-1

[Event "Havana Province-ch sf"]
[Site "Havana"]
[Date "2009.07.23"]
[Round "1"]
[White "Macia Velazquez, Marlies"]
[Black "Torres Jimenez, Leonardo"]
[Result "1-0"]
[WhiteElo "2083"]
[BlackElo "2220"]
[PlyCount "111"]
[EventDate "2009.07.23"]
[EventType "swiss"]
[EventRounds "9"]
[EventCountry "CUB"]
[EventCategory "1"]
[SourceTitle "EXT 2018"]
[Source "ChessBase"]
[SourceDate "2017.10.13"]
[SourceVersion "1"]
[SourceVersionDate "2017.10.13"]
[SourceQuality "1"]

1. e4 e5 2. Nf3 Nc6 3. Bb5 d6 4. d4 exd4 5. Nxd4 Bd7 6. Nc3 Nf6 7. 0-0 Be7 8. Re1 0-0 9. Bxc6 bxc6 10. Qf3 Rb8 11. Rb1 Ne8 12. Bf4 g6 13. b3 Ng7 14. Rbd1 Ne6 15. Bh6 Re8 16. Nxe6 fxe6 17. e5 d5 18. Rd4 c5 19. Rg4 Rb4 20. a3 Rxg4 21. Qxg4 Bf8 22. Bg5 Qc8 23. h4 Bc6 24. h5 Qd7 25. hxg6 hxg6 26. Bf6 Qh7 27. Re3 Qh5 28. Qxh5 gxh5 29. Nd1 Kf7 30. Rh3 Bg7 31. Bxg7 Kxg7 32. Rxh5 Kg6 33. Rh3 d4 34. f3 Kf5 35. Rh7 Rc8 36. Rh5+ Kg6 37. Rh4 Kg5 38. Rg4+ Kf5 39. Nb2 Bb5 40. a4 Ba6 41. Re4 Rd8 42. Kf2 Rd5 43. g4+ Kg5 44. Kg3 Rd8 45. f4+ Kg6 46. Re1 Rb8 47. Rd1 Rh8 48. Nd3 Bxd3 49. Rxd3 Rh1 50. Rd2 Rg1+ 51. Kf3 Re1 52. Re2 Rf1+ 53. Ke4 Rg1 54. f5+ Kf7 55. Kf4 Rh1 56. Kg5 1-0